[Event "Forcing Moves Spring-1 U1600"]
[Site "Mississauga CAN"]
[Date "2023.04.29"]
[Round "1.12"]
[White "Natarajan, Bhargav"]
[Black "Harihara, Vikrant"]
[Result "0-1"]
[WhiteElo "553"]
[BlackElo "1161"]
[PlyCount "74"]
[EventDate "2023.04.29"]
[EventType "swiss"]
[EventRounds "5"]
[EventCountry "CAN"]

1. e4 Nf6 2. Nc3 d5 3. exd5 Nxd5 4. Nxd5 Qxd5 5. Qf3 Qd8 6. Bb5+ c6 7. Bc4 e6
8. Nh3 Nd7 9. d3 Bc5 10. Ng5 O-O 11. Bxe6 fxe6 12. Nxe6 Rxf3 13. Nxd8 Rf8 14.
Ne6 Re8 15. O-O Rxe6 16. Bd2 Re2 17. Be3 Rxc2 18. Bxc5 Nxc5 19. d4 Ne6 20. Rad1
Rxb2 21. a3 b6 22. d5 cxd5 23. Rxd5 Ba6 24. Re1 Rc8 25. h4 Ra2 26. Rxe6 Bc4 27.
Rde5 Bxe6 28. Rxe6 Rxa3 29. g4 b5 30. Re4 Rc4 31. Re8+ Kf7 32. Rd8 b4 33. Rd7+
Kf6 34. g5+ Kg6 35. Rd6+ Kh5 36. f3 Rc2 37. Rd7 Ra1+ 0-1

[Event "Forcing Moves Spring-1 U1600"]
[Site "Mississauga CAN"]
[Date "2023.04.29"]
[Round "1.13"]
[White "Dave, Jashank"]
[Black "Syed, Farhaan"]
[Result "1-0"]
[WhiteElo "1145"]
[BlackElo "512"]
[PlyCount "103"]
[EventDate "2023.04.29"]
[EventType "swiss"]
[EventRounds "5"]
[EventCountry "CAN"]

1. e4 c5 2. Nc3 d6 3. g3 Nf6 4. h3 g6 5. Bg2 Nbd7 6. f4 Bg7 7. d3 Rb8 8. Be3 b6
9. Nce2 Bb7 10. Nf3 Qc7 11. c3 e6 12. O-O O-O 13. Qd2 Rfe8 14. Rf2 b5 15. Raf1
Re7 16. g4 h6 17. Nh2 a6 18. Ng3 b4 19. c4 Ne8 20. f5 g5 21. Nh5 Bf8 22. Bxg5
hxg5 23. Qxg5+ Kh7 24. fxe6 f6 25. Qf5+ Kg8 26. exd7 Ng7 27. Nxf6+ Kf7 28. Nd5+
Nxf5 29. Rxf5+ Ke6 30. Nxc7+ Kxd7 31. Rxf8 Rxf8 32. Rxf8 Kxc7 33. Rg8 Rf7 34.
g5 Bc8 35. g6 Rf6 36. g7 Rg6 37. h4 Be6 38. Ra8 Rxg7 39. Ra7+ Kb6 40. Rxg7 a5
41. Rg6 Bd7 42. Rxd6+ Kc7 43. Ra6 a4 44. h5 a3 45. bxa3 bxa3 46. h6 Bc6 47.
Rxc6+ Kxc6 48. h7 Kb6 49. h8=Q Ka5 50. Qb8 Ka6 51. e5 Ka5 52. Qb5# 1-0

[Event "Forcing Moves Spring-1 U1600"]
[Site "Mississauga CAN"]
[Date "2023.04.29"]
[Round "2.5"]
[White "Tuladhar, Jude"]
[Black "Suresh, Pavan"]
[Result "1/2-1/2"]
[WhiteElo "1232"]
[BlackElo "1484"]
[PlyCount "68"]
[EventDate "2023.04.29"]
[EventType "swiss"]
[EventRounds "5"]
[EventCountry "CAN"]

1. Nf3 Nf6 2. g3 g6 3. Bg2 Bg7 4. O-O O-O 5. d4 d5 6. c4 c6 7. cxd5 cxd5 8. Nc3
e6 9. b3 Nc6 10. e3 b6 11. Ba3 Re8 12. Rc1 Ba6 13. Re1 Rc8 14. Qd2 Ne4 15. Qb2
Nxc3 16. Rxc3 e5 17. dxe5 Nxe5 18. Nxe5 Rxc3 19. Qxc3 Rxe5 20. Bb2 f6 21. Qc6
d4 22. Rd1 Bb5 23. Qa8 Qxa8 24. Bxa8 Rc5 25. Rxd4 Rc2 26. Rd8+ Kf7 27. Ba3 f5
28. Bd5+ Kf6 29. h4 Rxa2 30. Rd6+ Ke7 31. Re6+ Kd8 32. Be7+ Kc8 33. Bb4 Ra1+
34. Kg2 Rd1 1/2-1/2

[Event "Forcing Moves Spring-1 U1600"]
[Site "Mississauga CAN"]
[Date "2023.04.29"]
[Round "2.6"]
[White "Shah, Mustafa"]
[Black "Dembla, Shabd"]
[Result "0-1"]
[WhiteElo "1451"]
[BlackElo "1205"]
[PlyCount "98"]
[EventDate "2023.04.29"]
[EventType "swiss"]
[EventRounds "5"]
[EventCountry "CAN"]

1. c4 Nf6 2. Nc3 e5 3. g3 d5 4. cxd5 Nxd5 5. Bg2 Be6 6. a3 Nxc3 7. bxc3 Bd5 8.
e4 Bc6 9. Ne2 Qd3 10. O-O Bxe4 11. Bxe4 Qxe4 12. d4 Bd6 13. Re1 O-O 14. Bb2 Qg6
15. c4 exd4 16. Nxd4 Nd7 17. Nb5 Nb6 18. Rc1 Rfd8 19. Qf3 Na4 20. Ba1 c6 21.
Nxd6 Qxd6 22. Qg4 Qg6 23. Qe2 h6 24. Qe7 b6 25. Qc7 Nc5 26. Re7 Rdc8 27. Qf4
Nd3 28. Qe3 Nxc1 29. Qxc1 Re8 30. Re1 Rxe1+ 31. Qxe1 Qe6 32. Qc3 f6 33. Bb2 Rd8
34. Qc2 Qe1+ 35. Kg2 Rd2 36. Qf5 Kf7 37. Bc3 Rxf2+ 38. Qxf2 Qxc3 39. Qf4 Qe5
40. Qd2 Ke8 41. Qd3 f5 42. Qd1 Qe4+ 43. Kg1 Qxc4 44. Qh5+ Ke7 45. Qg6 Qd4+ 46.
Kf1 Qd3+ 47. Kg1 Qd4+ 48. Kf1 c5 49. Qxf5 Qf6 0-1

[Event "Forcing Moves Spring-1 U1600"]
[Site "Mississauga CAN"]
[Date "2023.04.29"]
[Round "2.7"]
[White "Harihara, Vikrant"]
[Black "Uyanik, Mehmet"]
[Result "1-0"]
[WhiteElo "1161"]
[BlackElo "1380"]
[PlyCount "67"]
[EventDate "2023.04.29"]
[EventType "swiss"]
[EventRounds "5"]
[EventCountry "CAN"]

1. e4 b6 2. d4 Bb7 3. Bd3 Nf6 4. f3 e6 5. c4 Nc6 6. Ne2 Nb4 7. e5 Nxd3+ 8. Qxd3
Ng8 9. O-O d6 10. f4 Nh6 11. Ng3 Qh4 12. Qa3 Ng4 13. h3 h5 14. hxg4 hxg4 15.
Kf2 Bxg2 16. Rg1 Bc6 17. d5 dxe5 18. Qd3 Bc5+ 19. Be3 Bxe3+ 20. Qxe3 exf4 21.
Qxf4 Bd7 22. Rh1 Qxh1 23. Nxh1 Rxh1 24. Kg2 Rh6 25. Nc3 Rf6 26. Qxc7 Rc8 27.
Qxa7 Rxc4 28. Qxb6 exd5 29. Re1+ Be6 30. Nxd5 Rc2+ 31. Kg1 Rf3 32. Qb8+ Kd7 33.
Rd1 Rc8 34. Nb6+ 1-0

[Event "Forcing Moves Spring-1 U1600"]
[Site "Mississauga CAN"]
[Date "2023.04.29"]
[Round "2.8"]
[White "Gerard, Stephane"]
[Black "Dave, Jashank"]
[Result "0-1"]
[WhiteElo "1340"]
[BlackElo "1145"]
[PlyCount "55"]
[EventDate "2023.04.29"]
[EventType "swiss"]
[EventRounds "5"]
[EventCountry "CAN"]

1. d4 d5 2. c4 c6 3. Nc3 Nf6 4. Nf3 e6 5. e3 Be7 6. Bd3 h6 7. O-O O-O 8. Bd2
dxc4 9. Bxc4 b5 10. Bd3 Bb7 11. Rc1 a6 12. Ne4 Nbd7 13. a3 c5 14. Nxf6+ Nxf6
15. Bc3 c4 16. Bb1 Qc7 17. Re1 Ng4 18. e4 f5 19. e5 Bg5 20. Rc2 Be4 21. Rxe4
fxe4 22. Nxg5 Nxf2 23. Rxf2 Rxf2 24. Kxf2 hxg5 25. Qg4 Qf7+ 26. Ke3 Rf8 27.
Qxg5 Qf2+ 28. Kxe4 0-1

[Event "Forcing Moves Spring-1 U1600"]
[Site "Mississauga CAN"]
[Date "2023.04.29"]
[Round "2.10"]
[White "Barnsdale, Nicholas"]
[Black "Shah, Pratham"]
[Result "1-0"]
[WhiteElo "1015"]
[BlackElo "654"]
[PlyCount "59"]
[EventDate "2023.04.29"]
[EventType "swiss"]
[EventRounds "5"]
[EventCountry "CAN"]

1. e4 e5 2. Nc3 Nf6 3. f4 Nc6 4. fxe5 Nxe5 5. d4 Bb4 6. dxe5 Bxc3+ 7. bxc3 Nxe4
8. Qf3 Ng5 9. Bxg5 Qxg5 10. Qe4 O-O 11. Bd3 g6 12. Nh3 Qe7 13. O-O d5 14. Qxd5
c6 15. Qd6 Re8 16. Bc4 Be6 17. Bxe6 Qxe6 18. Ng5 Qxe5 19. Qxe5 Rxe5 20. Nxf7
Rc5 21. Rf3 Rf8 22. Raf1 Ra5 23. Nh6+ Kg7 24. Rxf8 Kxh6 25. Ra1 Rc5 26. Rf3 g5
27. Re1 g4 28. Re6+ Kg5 29. Rfe3 Rf5 30. R6e5 1-0

[Event "Forcing Moves Spring-1 U1600"]
[Site "Mississauga CAN"]
[Date "2023.04.29"]
[Round "2.11"]
[White "Barbisan, Owen"]
[Black "Baradi, Justin"]
[Result "1-0"]
[WhiteElo "1126"]
[BlackElo "924"]
[PlyCount "49"]
[EventDate "2023.04.29"]
[EventType "swiss"]
[EventRounds "5"]
[EventCountry "CAN"]

1. d4 d5 2. Bf4 Nf6 3. e3 g6 4. Nf3 Bg7 5. Nbd2 O-O 6. c4 dxc4 7. Bxc4 Nc6 8.
Rc1 Bf5 9. Qa4 a6 10. Be2 b5 11. Qd1 Qd7 12. Ne5 Nxe5 13. Bxe5 Rfc8 14. Bf3 c6
15. O-O Ne8 16. Bxg7 Kxg7 17. Nb3 Qe6 18. Re1 a5 19. e4 Bg4 20. Bxg4 f5 21.
exf5 Qf6 22. fxg6 Rc7 23. gxh7 Kxh7 24. Qd3+ Kg7 25. Re6 1-0

[Event "Forcing Moves Spring-1 U1600"]
[Site "Mississauga CAN"]
[Date "2023.04.29"]
[Round "2.12"]
[White "Ou Yang, Jason"]
[Black "Pedersen, Noah"]
[Result "0-1"]
[WhiteElo "609"]
[BlackElo "1118"]
[PlyCount "114"]
[EventDate "2023.04.29"]
[EventType "swiss"]
[EventRounds "5"]
[EventCountry "CAN"]

1. b3 d5 2. d4 Bf5 3. Nf3 e6 4. g3 Nf6 5. Nc3 Bb4 6. Bd2 O-O 7. Bg2 Nbd7 8. O-O
c6 9. a3 Bd6 10. Bg5 h6 11. Bxf6 Nxf6 12. Re1 Rc8 13. b4 b6 14. Na4 c5 15. c3
c4 16. Nh4 Bh7 17. b5 a6 18. bxa6 b5 19. Nc5 Bxc5 20. dxc5 Rxc5 21. a4 Qb6 22.
Nf3 Qxa6 23. Ne5 bxa4 24. Rxa4 Qd6 25. Nxc4 Qc7 26. Na3 Rxc3 27. Nb5 Bc2 28.
Qa1 Qc6 29. Nxc3 Bxa4 30. Nxa4 Ra8 31. Qb1 Qxa4 32. e4 d4 33. e5 Nd5 34. Rc1
Rd8 35. Bxd5 exd5 36. Qf5 Qd7 37. Qd3 Rc8 38. Re1 Rc4 39. Rb1 Qc7 40. Ra1 Rc1+
41. Rxc1 Qxc1+ 42. Kg2 Qc4 43. Qb1 d3 44. Qb8+ Kh7 45. Qe8 Qe4+ 46. f3 Qe2+ 47.
Kh3 d2 48. f4 d1=Q 49. Qxf7 Qh5+ 50. Qxh5 Qxh5+ 51. Kg2 Qe2+ 52. Kh3 d4 53. Kh4
d3 54. f5 d2 55. g4 d1=Q 56. h3 Qd8+ 57. Kh5 Qg5# 0-1

[Event "Forcing Moves Spring-1 U1600"]
[Site "Mississauga CAN"]
[Date "2023.04.29"]
[Round "2.13"]
[White "Arnold, Devin"]
[Black "Sreekumar, Gayathri"]
[Result "0-1"]
[WhiteElo "1109"]
[BlackElo "895"]
[PlyCount "50"]
[EventDate "2023.04.29"]
[EventType "swiss"]
[EventRounds "5"]
[EventCountry "CAN"]

1. Nf3 Nf6 2. g3 g6 3. Bg2 Bg7 4. O-O O-O 5. d4 d6 6. c4 Nbd7 7. Bg5 c5 8. dxc5
Nxc5 9. Nc3 Bd7 10. Be3 Rc8 11. Rc1 a6 12. b3 b5 13. cxb5 axb5 14. Nd5 Nxd5 15.
Qxd5 Bc6 16. Qg5 Ne4 17. Qh4 Nc3 18. Rc2 e6 19. Rfc1 Qxh4 20. Nxh4 Bxg2 21.
Nxg2 d5 22. Bd2 Nxe2+ 23. Kf1 Nxc1 24. Rxc1 Rxc1+ 25. Bxc1 Rc8 0-1

[Event "Forcing Moves Spring-1 U1600"]
[Site "Mississauga CAN"]
[Date "2023.04.29"]
[Round "2.14"]
[White "Syed, Farhaan"]
[Black "Ejercito, Cristian"]
[Result "1-0"]
[WhiteElo "512"]
[BlackElo "988"]
[PlyCount "145"]
[EventDate "2023.04.29"]
[EventType "swiss"]
[EventRounds "5"]
[EventCountry "CAN"]

1. e4 e5 2. Nf3 Nc6 3. Nc3 Bc5 4. Bc4 d6 5. h3 Na5 6. Qe2 Nxc4 7. Qxc4 Be6 8.
Qb5+ Bd7 9. Qb3 a5 10. O-O Qc8 11. Ng5 Nh6 12. d3 O-O 13. Nf3 c6 14. Bxh6 gxh6
15. Ne2 Kh8 16. Qc3 Bxh3 17. Ng3 Rg8 18. Nxe5 dxe5 19. Qxe5+ f6 20. Qxc5 Be6
21. Rfe1 Rg5 22. Qd4 Qf8 23. Re3 Rg4 24. Rf3 Kg7 25. Nh5+ Kh8 26. Nxf6 Rg7 27.
Nh5 Qe7 28. Nxg7 Qxg7 29. Qxg7+ Kxg7 30. g4 Rg8 31. Rg3 Kf6 32. f3 Ke5 33. Kf2
Kf4 34. Rh1 Rg6 35. a3 Bg8 36. Rb1 h5 37. b4 a4 38. Rbg1 h4 39. Rh3 Rh6 40. d4
Rd6 41. c3 Bf7 42. e5 Rh6 43. c4 Bxc4 44. g5 Be6 45. gxh6 Bxh3 46. Rh1 Be6 47.
Rxh4+ Kg5 48. Rh2 Bd5 49. Ke3 b6 50. f4+ Kg6 51. Kf2 Kf5 52. Kg3 Ke4 53. Rf2
Kxd4 54. Kg4 Bc4 55. Kf5 Ke3 56. e6 Bd3+ 57. Kf6 Kxf2 58. f5 Be2 59. Kg5 Bb5
60. f6 c5 61. bxc5 bxc5 62. f7 c4 63. f8=Q+ Ke2 64. Qf4 Kd1 65. Qd4+ Kc2 66.
Qc5 Ba6 67. Qa5 Kb3 68. Qxa6 c3 69. Qc6 c2 70. Qxc2+ Kxc2 71. e7 Kb3 72. e8=Q
Kxa3 73. Qxa4+ 1-0

[Event "Forcing Moves Spring-1 U1600"]
[Site "Mississauga CAN"]
[Date "2023.04.29"]
[Round "3.5"]
[White "Sreekumar Maliekal, Balakrishnan"]
[Black "Harihara, Vikrant"]
[Result "0-1"]
[WhiteElo "1259"]
[BlackElo "1161"]
[PlyCount "66"]
[EventDate "2023.04.29"]
[EventType "swiss"]
[EventRounds "5"]
[EventCountry "CAN"]

1. d4 Nf6 2. c4 e6 3. Nc3 Bb4 4. Bd2 b6 5. Nf3 Bb7 6. g3 Nc6 7. e3 d6 8. Bg2
Ne7 9. O-O c5 10. Nb5 a6 11. Na3 Bxa3 12. bxa3 b5 13. Rb1 O-O 14. cxb5 axb5 15.
dxc5 dxc5 16. Rxb5 Ba6 17. Rxc5 Bxf1 18. Bxf1 Rxa3 19. Rc2 Ned5 20. Qc1 Qa8 21.
Bc4 Rc8 22. Bxd5 Rxc2 23. Qxc2 Nxd5 24. e4 Rxf3 25. exd5 exd5 26. Bb4 d4 27. a3
d3 28. Qb2 Qe4 29. Bd2 h6 30. Be3 Rxe3 31. fxe3 Qxe3+ 32. Qf2 Qc1+ 33. Qf1 d2
0-1

[Event "Forcing Moves Spring-1 U1600"]
[Site "Mississauga CAN"]
[Date "2023.04.29"]
[Round "3.6"]
[White "Dembla, Shabd"]
[Black "Dave, Jashank"]
[Result "1-0"]
[WhiteElo "1205"]
[BlackElo "1145"]
[PlyCount "131"]
[EventDate "2023.04.29"]
[EventType "swiss"]
[EventRounds "5"]
[EventCountry "CAN"]

1. e4 e5 2. Nf3 Nc6 3. d4 exd4 4. Bc4 d6 5. Nxd4 Ne5 6. Bb3 c5 7. Ne2 a6 8. Bd5
Nf6 9. O-O Be7 10. Bf4 Ng6 11. Bg3 O-O 12. Nbc3 Rb8 13. a4 Nxd5 14. exd5 Bf5
15. Re1 Bh4 16. Qd2 Re8 17. Bxh4 Qxh4 18. Ng3 Bd7 19. Nce4 Qe7 20. Nxc5 Qd8 21.
Nxd7 Qxd7 22. b3 Rxe1+ 23. Rxe1 h6 24. Ne4 Re8 25. f3 f5 26. Ng3 Rxe1+ 27. Qxe1
f4 28. Qe4 fxg3 29. Qxg6 gxh2+ 30. Kxh2 Qd8 31. Kg3 Qc7 32. Qe8+ Kh7 33. Kg4
Qxc2 34. Qe4+ Qxe4+ 35. fxe4 Kg6 36. Kf4 Kf6 37. a5 h5 38. e5+ dxe5+ 39. Ke4 g5
40. d6 Ke6 41. d7 Kxd7 42. Kxe5 Kc6 43. Kf5 Kb5 44. Kxg5 Kxa5 45. Kxh5 Kb4 46.
g4 Kxb3 47. g5 b5 48. g6 b4 49. g7 a5 50. g8=Q+ Ka3 51. Qg1 Kb2 52. Qc5 b3 53.
Qxa5 Kc2 54. Qa4 Kc3 55. Qa1+ b2 56. Qb1 Kb3 57. Kg4 Kc3 58. Kf4 Kb3 59. Ke4
Kc3 60. Ke3 Kb3 61. Kd3 Ka3 62. Kc3 Ka4 63. Qxb2 Ka5 64. Qb7 Ka4 65. Qb6 Ka3
66. Qa6# 1-0

[Event "Forcing Moves Spring-1 U1600"]
[Site "Mississauga CAN"]
[Date "2023.04.29"]
[Round "3.7"]
[White "Suresh, Pavan"]
[Black "Shah, Mustafa"]
[Result "1-0"]
[WhiteElo "1484"]
[BlackElo "1451"]
[PlyCount "61"]
[EventDate "2023.04.29"]
[EventType "swiss"]
[EventRounds "5"]
[EventCountry "CAN"]

1. d4 Nf6 2. Nf3 e6 3. Bf4 d5 4. e3 Nh5 5. Bg3 Nxg3 6. hxg3 Bb4+ 7. c3 Bd6 8.
Bd3 g6 9. Nbd2 Nd7 10. Qe2 b6 11. e4 Bb7 12. e5 Bf8 13. O-O Qe7 14. Rac1 h5 15.
c4 dxc4 16. Rxc4 Rc8 17. Rfc1 c5 18. dxc5 Rxc5 19. Rxc5 Nxc5 20. Bb5+ Kd8 21.
b4 Nd7 22. Qc4 Nb8 23. a3 a6 24. Qd4+ Nd7 25. Bxd7 Qxd7 26. Qxb6+ Ke8 27. Rc7
Qd5 28. Qxb7 Qxb7 29. Rxb7 Be7 30. Nd4 h4 31. Nc6 1-0

[Event "Forcing Moves Spring-1 U1600"]
[Site "Mississauga CAN"]
[Date "2023.04.29"]
[Round "3.8"]
[White "Uyanik, Mehmet"]
[Black "Tuladhar, Jude"]
[Result "1-0"]
[WhiteElo "1380"]
[BlackElo "1232"]
[PlyCount "129"]
[EventDate "2023.04.29"]
[EventType "swiss"]
[EventRounds "5"]
[EventCountry "CAN"]

1. e4 e5 2. Nf3 Nf6 3. Nc3 Nc6 4. Bb5 Nd4 5. Ba4 Nxf3+ 6. Qxf3 Bc5 7. d3 h6 8.
Be3 Bxe3 9. fxe3 c6 10. Bb3 b5 11. Qg3 d6 12. Qxg7 Rh7 13. Qg3 Qb6 14. O-O Ng4
15. Rf3 h5 16. Raf1 h4 17. Qe1 f5 18. h3 Nf6 19. Kh1 Bd7 20. exf5 d5 21. e4 d4
22. Nd1 Ke7 23. c3 Rah8 24. Qd2 Rg7 25. Rg1 Rgh7 26. g4 hxg3 27. Rgxg3 Qd8 28.
Qg5 c5 29. cxd4 cxd4 30. Qd2 a5 31. Qg2 Nh5 32. f6+ Nxf6 33. Rg7+ Kd6 34. Rxh7
Rxh7 35. Nf2 Be6 36. Qg6 Rf7 37. Ng4 Bxg4 38. hxg4 Qh8+ 39. Kg2 Rf8 40. g5 Ke7
41. gxf6+ Rxf6 42. Rxf6 Qxf6 43. Qxf6+ Kxf6 44. Kf3 Kg5 45. Kg3 Kh5 46. Bd1+
Kg5 47. a3 a4 48. Bg4 Kf6 49. Bd7 Ke7 50. Bxb5 Kd6 51. Bxa4 Kc5 52. b4+ Kd6 53.
Kg4 Kc7 54. Kf5 Kb6 55. Kxe5 Ka6 56. Kxd4 Kb6 57. e5 Kc7 58. Kc5 Kd8 59. b5 Kc7
60. e6 Kb7 61. e7 Ka7 62. b6+ Ka6 63. e8=Q Kb7 64. Bc6+ Ka6 65. Qa8# 1-0

[Event "Forcing Moves Spring-1 U1600"]
[Site "Mississauga CAN"]
[Date "2023.04.29"]
[Round "3.9"]
[White "Sreekumar, Gayathri"]
[Black "Gerard, Stephane"]
[Result "1/2-1/2"]
[WhiteElo "895"]
[BlackElo "1340"]
[PlyCount "50"]
[EventDate "2023.04.29"]
[EventType "swiss"]
[EventRounds "5"]
[EventCountry "CAN"]

1. d4 Nf6 2. c4 g6 3. Nc3 Bg7 4. e4 d6 5. f3 O-O 6. Be3 h6 7. Qd2 Kh7 8. h4 e5
9. d5 Ne8 10. g4 a5 11. O-O-O Na6 12. Nge2 Bd7 13. Ng3 b6 14. Bd3 Nc5 15. Bc2
Qc8 16. Rh3 Bxg4 17. fxg4 Qxg4 18. Rdh1 Nf6 19. h5 g5 20. b3 Rfb8 21. Qg2 Na6
22. Rg1 Nb4 23. Bb1 Ng8 24. Nf5 Qxg2 25. Rxg2 Bf6 1/2-1/2

[Event "Forcing Moves Spring-1 U1600"]
[Site "Mississauga CAN"]
[Date "2023.04.29"]
[Round "3.10"]
[White "Syed, Farhaan"]
[Black "Barbisan, Owen"]
[Result "0-1"]
[WhiteElo "512"]
[BlackElo "1126"]
[PlyCount "92"]
[EventDate "2023.04.29"]
[EventType "swiss"]
[EventRounds "5"]
[EventCountry "CAN"]

1. e4 c6 2. d4 d5 3. f3 e6 4. Bf4 Nf6 5. Bd3 dxe4 6. fxe4 Qxd4 7. Nc3 Bb4 8.
Nge2 Bxc3+ 9. bxc3 Qc5 10. Rb1 O-O 11. Qd2 Rd8 12. Nd4 e5 13. Nb3 Qe7 14. Bg5
Nbd7 15. Qe3 h6 16. Bh4 Qa3 17. O-O a5 18. Qg3 Qe7 19. Qf3 a4 20. Nd2 Qc5+ 21.
Bf2 Qxc3 22. Be3 Nc5 23. Qg3 Ng4 24. h3 Nxe3 25. Qxe3 Nxd3 26. Qb6 Qc5+ 27.
Qxc5 Nxc5 28. Rf2 b5 29. Rbf1 Be6 30. Nf3 f6 31. Rd2 Rxd2 32. Nxd2 Rd8 33. Nb1
Bxa2 34. Nc3 Bc4 35. Ra1 Rd2 36. Kh2 Rxc2 37. Nb1 Rc1 38. Kg3 b4 39. Kf2 b3 40.
g4 b2 41. Rxa4 Nxa4 42. Kg3 Rc3+ 43. Kh4 Bf7 44. g5 hxg5+ 45. Kg4 g6 46. h4
Be6# 0-1

[Event "Forcing Moves Spring-1 U1600"]
[Site "Mississauga CAN"]
[Date "2023.04.29"]
[Round "3.12"]
[White "Shah, Pratham"]
[Black "Natarajan, Bhargav"]
[Result "1/2-1/2"]
[WhiteElo "654"]
[BlackElo "553"]
[PlyCount "93"]
[EventDate "2023.04.29"]
[EventType "swiss"]
[EventRounds "5"]
[EventCountry "CAN"]

1. d4 d5 2. c4 e6 3. Nc3 f6 4. cxd5 exd5 5. Nf3 Bg4 6. Bf4 Nc6 7. e3 Qe7 8. h3
Bxf3 9. Qxf3 O-O-O 10. Bb5 Nb4 11. Rc1 a6 12. Ba4 Nd3+ 13. Kd2 Nxc1 14. Nxd5
Qf7 15. Qg4+ f5 16. Qg3 Qxd5 17. Rxc1 Qa5+ 18. Ke2 Bd6 19. Bxd6 Rxd6 20. Qxd6
Nf6 21. b4 Ne4 22. Qf4 Qb6 23. Qxf5+ Kb8 24. Qxe4 Qxb4 25. Bb3 Qa3 26. Rc4 Qb2+
27. Rc2 Qb1 28. Qe5 Rc8 29. Kd2 Qf1 30. Qg3 g6 31. Be6 Rf8 32. Qxc7+ Ka8 33.
Qg3 Rxf2+ 34. Qxf2 Qxf2+ 35. Kd3 Qf6 36. Bg4 h5 37. Bf3 Qf5+ 38. Kd2 g5 39. Rc5
Qg6 40. Rc8+ Ka7 41. Rc7 Kb8 42. Rxb7+ Kc8 43. Rb2 g4 44. hxg4 hxg4 45. Bb7+
Kd8 46. Rc2 Qh6 47. Kd3 1/2-1/2

[Event "Forcing Moves Spring-1 U1600"]
[Site "Mississauga CAN"]
[Date "2023.04.29"]
[Round "3.13"]
[White "Ejercito, Cristian"]
[Black "Ou Yang, Jason"]
[Result "1/2-1/2"]
[WhiteElo "988"]
[BlackElo "609"]
[PlyCount "120"]
[EventDate "2023.04.29"]
[EventType "swiss"]
[EventRounds "5"]
[EventCountry "CAN"]

1. e4 g6 2. d4 d5 3. e5 Bg7 4. Nf3 Bg4 5. h3 Bxf3 6. Qxf3 e6 7. Bd3 Nc6 8. c3
Nge7 9. Be3 O-O 10. Nd2 f5 11. exf6 Rxf6 12. Qg4 e5 13. Bg5 Rf7 14. Qe6 e4 15.
Bc2 Qf8 16. O-O-O Bf6 17. Bxf6 Nd8 18. Bxe7 Qe8 19. Qxd5 Qxe7 20. Qxb7 Nxb7 21.
Bb3 Raf8 22. Rhe1 Qg5 23. Kb1 Kg7 24. Bxf7 Rxf7 25. g4 Rxf2 26. Nxe4 Qf4 27.
Nxf2 Qxf2 28. Re7+ Kh6 29. Rxc7 Na5 30. Rc1 Qe2 31. Ka1 Qh2 32. Rxa7 Nc4 33.
Rb7 Qxh3 34. g5+ Kxg5 35. Rg1+ Kf5 36. Rb5+ Ke4 37. a4 Qd7 38. b3 Ne3 39. Re5+
Kd3 40. Rg3 Qd6 41. Rexe3+ Kc2 42. Re2+ Kxb3 43. Rb2+ Kxa4 44. Ra2+ Kb3 45.
Rgg2 Qf4 46. Rab2+ Kxc3 47. Rgc2+ Kd3 48. Rd2+ Ke4 49. d5 Qf1+ 50. Ka2 Qc4+ 51.
Kb1 Qf1+ 52. Kc2 Qc4+ 53. Kb1 Qf1+ 54. Ka2 Qa6+ 55. Kb3 Qb5+ 56. Kc3 Qc5+ 57.
Kb3 Qb5+ 58. Ka2 Qa6+ 59. Kb1 Qf1+ 60. Kc2 Qc4+ 1/2-1/2

[Event "Forcing Moves Spring-1 U1600"]
[Site "Mississauga CAN"]
[Date "2023.04.30"]
[Round "4.5"]
[White "Harihara, Vikrant"]
[Black "Dembla, Shabd"]
[Result "1-0"]
[WhiteElo "1161"]
[BlackElo "1205"]
[PlyCount "59"]
[EventDate "2023.04.29"]
[EventType "swiss"]
[EventRounds "5"]
[EventCountry "CAN"]

1. e4 e5 2. Nf3 Nc6 3. Bb5 Bc5 4. c3 Qf6 5. Bxc6 dxc6 6. d4 Bd6 7. dxe5 Bxe5 8.
Bg5 Qd6 9. Nxe5 Qxd1+ 10. Kxd1 f6 11. Bf4 fxe5 12. Bxe5 Nf6 13. Bxc7 O-O 14. f3
Nh5 15. Kc2 Be6 16. Na3 Rf7 17. Bg3 g5 18. Rhf1 Raf8 19. b3 Nf4 20. Bxf4 Rxf4
21. Kd2 g4 22. Ke3 h5 23. Rf2 h4 24. Raf1 g3 25. hxg3 hxg3 26. Rd2 Bg4 27. Nc4
Be6 28. Rd6 Bf7 29. Ne5 Bh5 30. Rh1 1-0

[Event "Forcing Moves Spring-1 U1600"]
[Site "Mississauga CAN"]
[Date "2023.04.30"]
[Round "4.6"]
[White "Sreekumar Maliekal, Balakrishnan"]
[Black "Suresh, Pavan"]
[Result "0-1"]
[WhiteElo "1259"]
[BlackElo "1484"]
[PlyCount "98"]
[EventDate "2023.04.29"]
[EventType "swiss"]
[EventRounds "5"]
[EventCountry "CAN"]

1. e4 c5 2. Nc3 d6 3. d3 Nf6 4. Bg5 Nbd7 5. Nf3 g6 6. Qd2 Bg7 7. h3 O-O 8. Be2
Qb6 9. O-O-O Qa5 10. Bh6 b5 11. Bxg7 Kxg7 12. Kb1 b4 13. Nd5 Nxd5 14. exd5 Bb7
15. c4 bxc3 16. Qxc3+ Qxc3 17. bxc3 Bxd5 18. c4 Bc6 19. Kb2 Rab8+ 20. Kc3 Rb7
21. Rb1 Rfb8 22. Rb3 Ba4 23. Rxb7 Rxb7 24. Nd2 Bc6 25. f3 Nf6 26. g4 d5 27. Nb3
d4+ 28. Kd2 Nd7 29. Ke1 Ba4 30. Bd1 Bxb3 31. axb3 Rb6 32. Kd2 Kf6 33. f4 e6 34.
Kc2 Nb8 35. Bf3 Na6 36. Ra1 Nb4+ 37. Kd2 Ra6 38. Ra4 Rxa4 39. bxa4 a5 40. Bb7
g5 41. fxg5+ Kxg5 42. Bg2 Kf4 43. Bf1 Kg3 44. Kc1 Kf2 45. g5 Kxf1 46. h4 Nxd3+
47. Kd2 Nf4 48. Kc2 Ke2 49. Kc1 d3 0-1

[Event "Forcing Moves Spring-1 U1600"]
[Site "Mississauga CAN"]
[Date "2023.04.30"]
[Round "4.8"]
[White "Dave, Jashank"]
[Black "Barnsdale, Nicholas"]
[Result "1-0"]
[WhiteElo "1145"]
[BlackElo "1015"]
[PlyCount "71"]
[EventDate "2023.04.29"]
[EventType "swiss"]
[EventRounds "5"]
[EventCountry "CAN"]

1. e4 e6 2. d4 d5 3. exd5 exd5 4. c3 Nf6 5. Be2 Nc6 6. Nf3 Bf5 7. O-O Bd6 8. h3
h6 9. Be3 Qd7 10. Re1 O-O-O 11. Bf1 g5 12. Ne5 Nxe5 13. dxe5 Bxe5 14. Bxa7 Rde8
15. Na3 Ne4 16. Bb5 c6 17. Bf1 h5 18. c4 Bxb2 19. cxd5 Qxd5 20. Nc4 Qxd1 21.
Raxd1 Be5 22. Nb6+ Kc7 23. g4 hxg4 24. hxg4 Bxg4 25. f3 Rh1+ 26. Kxh1 Bxf3+ 27.
Kg1 Bh2+ 28. Kxh2 Rh8+ 29. Bh3 Bxd1 30. Rxe4 g4 31. Rd4 Rxh3+ 32. Kg1 Rg3+ 33.
Kf2 Rf3+ 34. Ke1 Re3+ 35. Kxd1 Re7 36. Rxg4 1-0

[Event "Forcing Moves Spring-1 U1600"]
[Site "Mississauga CAN"]
[Date "2023.04.30"]
[Round "4.9"]
[White "Sreekumar, Gayathri"]
[Black "Pedersen, Noah"]
[Result "0-1"]
[WhiteElo "895"]
[BlackElo "1118"]
[PlyCount "50"]
[EventDate "2023.04.29"]
[EventType "swiss"]
[EventRounds "5"]
[EventCountry "CAN"]

1. d4 d5 2. c4 e6 3. Nf3 Nf6 4. g3 c6 5. Bg2 Nbd7 6. O-O b6 7. Nbd2 Bd6 8. Qc2
Bb7 9. b3 Qc7 10. Bb2 c5 11. Rac1 Rc8 12. dxc5 Bxc5 13. e3 Ba6 14. Rfe1 Bd6 15.
e4 dxe4 16. Nxe4 Be7 17. Nd4 Bb7 18. Nxf6+ Nxf6 19. Bxb7 Qxb7 20. Nb5 a6 21.
Bxf6 gxf6 22. Nc3 h5 23. Rcd1 f5 24. f4 Bc5+ 25. Kf1 Qf3+ 0-1

[Event "Forcing Moves Spring-1 U1600"]
[Site "Mississauga CAN"]
[Date "2023.04.30"]
[Round "4.10"]
[White "Gerard, Stephane"]
[Black "Tuladhar, Jude"]
[Result "1-0"]
[WhiteElo "1340"]
[BlackElo "1232"]
[PlyCount "122"]
[EventDate "2023.04.29"]
[EventType "swiss"]
[EventRounds "5"]
[EventCountry "CAN"]

1. d4 Nf6 2. c4 g6 3. Nc3 d5 4. cxd5 Nxd5 5. e4 Nxc3 6. bxc3 Bg7 7. Bc4 c5 8.
Nf3 Nc6 9. Bb2 O-O 10. Qb3 Na5 11. Qb5 Nxc4 12. Qxc4 cxd4 13. cxd4 Be6 14. Qb4
a5 15. Qd2 Qb6 16. O-O Rfd8 17. Rfb1 Bg4 18. d5 Bxb2 19. Rxb2 Qf6 20. Nd4 e6
21. f3 exd5 22. e5 Qxe5 23. fxg4 Rac8 24. Re1 Qf6 25. g5 Qg7 26. Reb1 Rc4 27.
Nf3 Rc3 28. Rxb7 Rcc8 29. Nd4 Qf8 30. Qxa5 Ra8 31. Qc7 Rdc8 32. Qb6 Re8 33. Qb3
Qc5 34. Qb4 Qxb4 35. R7xb4 Rxa2 36. Rb8 Rxb8 37. Rxb8+ Kg7 38. Rd8 h6 39. gxh6+
Kxh6 40. Rxd5 Kg7 41. h3 Kh6 42. Nf3 Kg7 43. Rd7 Kf6 44. h4 Ke6 45. Rb7 f6 46.
Nd4+ Kd5 47. Rd7+ Ke5 48. Nc6+ Ke6 49. Rg7 Ra4 50. Rh7 f5 51. Kh2 Kf6 52. g3
Ra2+ 53. Kh3 Ra4 54. Nb8 Rg4 55. Nd7+ Ke6 56. Nf8+ Kf6 57. Ra7 f4 58. Kxg4 Ke5
59. gxf4+ Kf6 60. Nh7+ Ke6 61. h5 Kd6 1-0